Palinku maalikai

Saved in:
Bibliographic Details
Main Author: Mukilvannan
Format: Book
Published: Kalmunai Kanmani Pirasuram 2013
Subjects:
Tags: Add Tag
No Tags, Be the first to tag this record!

MARC

LEADER 00000nam a2200000 a 4500
020 |a 9789555401142 
082 |a 894.8113 
100 |a Mukilvannan 
245 |a Palinku maalikai 
260 |a Kalmunai  |b Kanmani Pirasuram  |c 2013 
300 |a 80p, ; 24cm. 
653 |a siruvar nool 
942 |c AFW 
999 |c 151905  |d 151905